000 01012nam a2200241 u 4500
001 000820132
003 AM-YeHGA
005 20250617144546.0
008 110628s1984 ru r 000 0 rus d
040 _aAM-YeHGA
041 0 _arus
100 1 _aДаценко, Владимир Макарович
245 1 0 _aГранитоидный магматизм юго-западного обрамления Сибирской платформы /
_cВ.М. Даценко; Отв. ред.: Н.Н. Амшинский; АН СССР.
260 _aНовосибирск :
_bНаука. Сиб. отд-ние,
_c1984.
300 _a120 с., 8 л. ил. :
_bил. ;
_c21 см.
504 _aБиблиогр.: с. 113-119
653 0 _aГранитоиды - Енисейский кряж
653 0 _aГранитоиды - Восточный Саян, хр.
700 1 _aАмшинский, Н.Н.
_eред.
_4edt
710 2 _aАкадемия наук СССР
942 _2udc
_cBK
090 _c298042
999 _c296350
_d296350